000 00492nam a2200205Ia 4500
008 210210b1950 xxu||||| |||| 00| 0 eng d
041 _aeng
082 _a826/207
100 _aWESTLAND (P)
245 _aRomantic revival Vol IV 1780-1830
260 _aLondon
_bThe English Universities Press Ltd.
_c1950
440 _aIV
650 _aVol
650 _aRomantic
650 _arevival
650 _aIV
650 _a1780-1830
690 _aHistory of Literature
906 _a015755
999 _c135146
_d135146